000 01089cam a2200217 4500
001 WB3819-17
008 020521n2002 000 0 eng u
035 _a(Sirsi) u118078
245 _aFlexibility to combat affordability crisis
260 _c2002
490 _aInside Housing
_v17 May 2002, 4(1)
520 _aA report by the National Housing Federation argues that housing associations must be given greater flexibility to tackle the affordable housing crisis. The research into last year's annual development programme bidding round calls for more flexibility on total cost indicator (TCI) costs and for the corporation to accept that its model is not perfect. Summary of "Review and impact assessment of TCI and grant rate changes introduced in the 2002/2003 bid round" available at http://www.housing.org.uk.
590 _aWB
650 _aSOCIAL HOUSING
650 _aAffordable housing
_96215
650 _aREGISTERED SOCIAL LANDLORDS
650 _aTOTAL COST INDICATORS
650 _aNATIONAL HOUSING FEDERATION
690 _aAffordable housing
_96215
942 _n0
999 _c70317
_d70317